000 01620nam a2200289 a 4500
003 DO-SdBNP
005 20220712102734.0
007 ta
008 220712e2018 dr ao||gr|||| 00| 0bspa d
020 _a9789945909753
040 _aDO-SdBNP
_bspa
_cBNPHU
082 4 _222
_bG216v
245 1 0 _aVoces desde el horizonte. /
_cRosa Idalia García; Presentación, María Amalia León de Jorge
260 _aSantiago de los Caballeros :
_bCentro León,
_c2018
300 _a179 p. :
_bil., fotogr. ;
_c30 cm.
505 0 _tPalabras de Inauguración. /
_rMaría Amalia León de Jorge. Directora Fundación Eduardo León Jiménez y Centro León.--
_tLo profundo del aniversario rosiano. /
_rElvia Ojeda.--
_tRosa Idalia García: Una mirada interpretativa, expcepcional, única y vigorosa. /
_rDanilo de los Santos.--
_tÁmbito 1. /
_rAcento.--
_tÁmbito 2. /
_rAtávicas.--
_tÁmbito 3. /
_rEl horizonte.--
_tÁmbito 4. /
_rPlural.--
_tÁmbito 5. /
_rPolifonía.--
_tÁmbito 6. /
_rResonancia.--
_tÁmbito 7. /
_rSingular.--
_tCronología: Rosa Idalia García y el contexto.
_tTextos en inglés y francés.
546 _aTextos en español, inglés y francés.
585 _3Exposición del 25 de mayo al 9 de septiembre de 2018.
590 _aInventariado 2022 / MF
650 4 _981683
_aArte dominicano
_vExposiciones
_xCatálogos
650 4 _962043
_aArte dominicano
_xExposiciones
650 4 _979753
_aExposicion
_xPintura
_zRepública Dominicana
651 4 _aGarcía, Rosa Idalia
_vExposiciones
_xPintura
_y1944-
_zRepública Dominicana
_981989
700 1 _975759
_aLeón Jorge, María Amalia de
910 _aMFeliz
942 _2ddc
_cLBS1
999 _c52172
_d52172